[Event "Malmo op"]
[Site "Malmo"]
[Date "2017.12.16"]
[Round "4"]
[White "Akesson, Ralf"]
[Black "Andersson, Paul"]
[Result "0-1"]
[WhiteElo "2450"]
[BlackElo "2145"]
[PlyCount "30"]
[EventDate "2017.12.15"]
[EventType "swiss"]
[EventRounds "8"]
[EventCountry "SWE"]
[SourceTitle "CBM 182 Extra"]
[Source "ChessBase"]
[SourceDate "2018.02.23"]
[SourceVersion "1"]
[SourceVersionDate "2018.02.23"]
[SourceQuality "1"]

1. d4 g6 2. e4 Bg7 3. Nc3 d6 4. Be3 a6 5. Qd2 Nd7 6. 0-0-0 b5 7. f3 Bb7 8. h4 c5 9. h5 gxh5 10. Nge2 Qa5 11. dxc5 b4 12. Nd5 Qxa2 13. Qxb4 Bxd5 14. Rxd5 Rb8 15. Nc3 Qa1+ 0-1

[Event "Malmo op"]
[Site "Malmo"]
[Date "2017.12.16"]
[Round "5"]
[White "Andersson, Paul"]
[Black "Tiger Norqvist, Axel"]
[Result "1-0"]
[WhiteElo "2145"]
[BlackElo "2172"]
[PlyCount "106"]
[EventDate "2017.12.15"]
[EventType "swiss"]
[EventRounds "8"]
[EventCountry "SWE"]
[SourceTitle "CBM 182 Extra"]
[Source "ChessBase"]
[SourceDate "2018.02.23"]
[SourceVersion "1"]
[SourceVersionDate "2018.02.23"]
[SourceQuality "1"]

1. Nf3 Nf6 2. c4 g6 3. b3 Bg7 4. Bb2 0-0 5. g3 d6 6. Bg2 c5 7. 0-0 Nc6 8. d3 Bd7 9. Nc3 Rb8 10. Rb1 a6 11. e3 b5 12. Qe2 Qc8 13. Rfd1 bxc4 14. bxc4 Bh3 15. Qf1 Bd7 16. Ba1 Nb4 17. Qe2 Bf5 18. e4 Bg4 19. Nd5 Qd7 20. Nxb4 cxb4 21. Qd2 a5 22. Rb3 Qc7 23. Rdb1 Nd7 24. Bxg7 Kxg7 25. Nd4 Nc5 26. R3b2 Na4 27. Rc2 Nc3 28. Re1 Bd7 29. Ne2 Nxe2+ 30. Qxe2 e5 31. Rb2 Qc5 32. Bf3 Qd4 33. Reb1 Bh3 34. Bg2 Bxg2 35. Kxg2 Ra8 36. Rb3 Qc5 37. Qb2 f5 38. exf5 Rxf5 39. f3 Qc6 40. Qe2 Raf8 41. Rf1 Qc5 42. Qd2 Qd4 43. a3 e4 44. f4 g5 45. axb4 axb4 46. Rxb4 exd3 47. Rb3 gxf4 48. Rxd3 Qxc4 49. Rxd6 Qe4+ 50. Kg1 fxg3 51. Rxf5 gxh2+ 52. Kxh2 Qxf5 53. Qd4+ Kg8 1-0

[Event "Deltalift op"]
[Site "Tylosand"]
[Date "2017.05.26"]
[Round "5"]
[White "Andersson, Paul"]
[Black "Ernst, Thomas"]
[Result "1/2-1/2"]
[WhiteElo "2173"]
[BlackElo "2382"]
[PlyCount "160"]
[EventDate "2017.05.25"]
[EventType "swiss"]
[EventRounds "8"]
[EventCountry "SWE"]
[SourceTitle "CBM 178 Extra"]
[Source "ChessBase"]
[SourceDate "2017.06.22"]
[SourceVersion "1"]
[SourceVersionDate "2017.06.22"]
[SourceQuality "1"]

1. d4 Nf6 2. c4 e6 3. Nf3 b6 4. a3 Ba6 5. e3 d5 6. Nbd2 Be7 7. Be2 Bb7 8. Qa4+ c6 9. Qc2 c5 10. 0-0 0-0 11. b3 Nc6 12. Bb2 Rc8 13. Rad1 cxd4 14. Nxd4 Nxd4 15. Bxd4 Bxa3 16. Qa2 Qe7 17. Ra1 Bb4 18. Nf3 Ra8 19. Qb2 dxc4 20. bxc4 Bc5 21. Bc3 Rfd8 22. Nd2 Ne8 23. Ra2 Nd6 24. Rfa1 Ne4 25. Nxe4 Bxe4 26. Bf1 f6 27. Ra6 Bd3 28. Qb3 Bxf1 29. Kxf1 e5 30. Qa4 Qe6 31. h3 h5 32. Qb5 Qd7 33. Qb3 Qd3+ 34. Kg1 Rd7 35. Qb5 Rad8 36. Be1 Kh7 37. R6a4 Qe4 38. Qb3 Rd3 39. Qb1 a5 40. Kh2 Kh6 41. Kg1 f5 42. Kh2 f4 43. exf4 exf4 44. Qc1 g5 45. R4a2 f3 46. g3 Kg6 47. Bd2 Bxf2 48. Bxg5 Be3 49. Bxe3 Rxe3 50. Rf2 Re2 51. Ra2 Re8 52. h4 Re5 53. Rb2 Qd4 54. Rbxe2 fxe2 55. Qc2+ Qe4 56. Rxe2 Qxc2 57. Rxc2 a4 58. Rb2 Ra5 59. Rxb6+ Kf5 60. Rb2 a3 61. Ra2 Ke4 62. c5 Kd5 63. g4 Kxc5 64. Kg3 Kb4 65. gxh5 Kb3 66. Ra1 Kb2 67. Rf1 Rxh5 68. Rf6 a2 69. Rb6+ Ka3 70. Ra6+ Kb3 71. Kg4 Rb5 72. Rxa2 Kxa2 73. h5 Rb1 74. Kg5 Rg1+ 75. Kf6 Rh1 76. Kg6 Kb3 77. h6 Kc4 78. h7 Kd5 79. Kg7 Ke6 80. h8Q Rxh8 1/2-1/2

[Event "Vaxjo op"]
[Site "Vaxjo"]
[Date "2016.02.21"]
[Round "7"]
[White "Akesson, Ralf"]
[Black "Andersson, Paul"]
[Result "1-0"]
[WhiteElo "2423"]
[BlackElo "2119"]
[PlyCount "43"]
[EventDate "2016.02.19"]
[EventType "swiss"]
[EventRounds "8"]
[EventCountry "SWE"]
[SourceTitle "CBM 170 Extra"]
[Source "ChessBase"]
[SourceDate "2016.02.25"]
[SourceVersion "1"]
[SourceVersionDate "2016.02.25"]
[SourceQuality "1"]

1. d4 e6 2. c4 Nf6 3. Nc3 Bb4 4. e3 0-0 5. Bd3 d5 6. Nf3 Ne4 7. Qc2 f5 8. 0-0 c6 9. Ne2 Nd7 10. Nf4 Qe7 11. Be2 Bd6 12. Nd3 Rf6 13. Nfe5 Rh6 14. g3 Qf6 15. f3 Ng5 16. h4 Nxe5 17. dxe5 Bxe5 18. Nxe5 Qxe5 19. f4 Qe4 20. Bd3 Nf3+ 21. Kf2 Rxh4 22. gxh4 1-0

[Event "Lund CellaVision Cup"]
[Site "Lund"]
[Date "2015.08.09"]
[Round "8"]
[White "Jones, Gawain C B"]
[Black "Andersson, Paul"]
[Result "1-0"]
[WhiteElo "2647"]
[BlackElo "1985"]
[PlyCount "47"]
[EventDate "2015.08.07"]
[EventType "swiss"]
[EventRounds "8"]
[EventCountry "SWE"]
[SourceTitle "CBM 167 Extra"]
[Source "ChessBase"]
[SourceDate "2015.09.14"]
[SourceVersion "1"]
[SourceVersionDate "2015.09.14"]
[SourceQuality "1"]

1. g3 Nf6 2. Bg2 d5 3. Nf3 e6 4. 0-0 Be7 5. c4 0-0 6. b3 c6 7. Bb2 Re8 8. d3 b5 9. Qc2 Nbd7 10. e4 bxc4 11. bxc4 dxe4 12. dxe4 Qc7 13. e5 Ng4 14. Nbd2 Bb7 15. Rfe1 Rad8 16. h3 Nh6 17. Ne4 Nc5 18. Nxc5 Bxc5 19. g4 g6 20. Bc1 Bf8 21. Bg5 f6 22. Bxf6 Rd7 23. Nh4 Kf7 24. Be4 1-0

[Event "IECC CL5-2010.13 email"]
[Site "IECC email"]
[Date "2010.10.01"]
[Round "?"]
[White "Andersson, Paul"]
[Black "Hargreaves, John Richard"]
[Result "1/2-1/2"]
[WhiteElo "1578"]
[BlackElo "1530"]
[PlyCount "104"]
[EventDate "2010.??.??"]
[EventType "tourn (corr)"]
[EventRounds "4"]
[SourceTitle "Telechess CBM 145"]
[Source "Chessbase"]
[SourceDate "2011.11.11"]
[SourceVersion "1"]
[SourceVersionDate "2011.11.11"]
[SourceQuality "1"]
[WhiteTeam "Sweden"]
[BlackTeam "England"]
[WhiteTeamCountry "SWE"]
[BlackTeamCountry "ENG"]

1. d4 d5 2. Nf3 Nc6 3. c4 e6 4. Bf4 Nf6 5. e3 Bb4+ 6. Nc3 Ne4 7. Qc2 g5 8. Bg3 h5 9. h3 Bd7 10. Bh2 Ba5 11. 0-0-0 Nxc3 12. bxc3 Qe7 13. Be2 0-0-0 14. Kb1 f6 15. Nd2 Kb8 16. Ka1 Qa3 17. Nb3 dxc4 18. Bxc4 Bb6 19. Rb1 Ne7 20. Rb2 Rhe8 21. Be2 h4 22. Rhb1 Ba4 23. c4 e5 24. c5 Ba5 25. Qc4 Bb4 26. Bf3 Bc6 27. Bxc6 Nxc6 28. d5 Ne7 29. e4 Ka8 30. f3 Rc8 31. Bg1 Red8 32. Rc2 a6 33. Nd2 Bxd2 34. Rxd2 b5 35. Rd3 Qa5 36. Qc1 b4 37. Qc4 Rb8 38. Rdb3 Rb5 39. Rxb4 Rdb8 40. Rxb5 Rxb5 41. Rxb5 axb5 42. Qc1 Kb8 43. Be3 Kc8 44. a3 Ng6 45. Kb2 Kd8 46. Qc3 Qa6 47. Qb4 Ne7 48. Bd2 Ke8 49. Qa5 Qxa5 50. Bxa5 c6 51. d6 Ng6 52. Bd2 Nf8 1/2-1/2

[Event "IECC CL5-2010.07 email"]
[Site "IECC email"]
[Date "2010.05.31"]
[Round "?"]
[White "Andersson, Paul"]
[Black "Slavin, Pablo"]
[Result "1-0"]
[WhiteElo "1507"]
[BlackElo "1531"]
[PlyCount "77"]
[EventDate "2010.??.??"]
[EventType "tourn (corr)"]
[EventRounds "4"]
[SourceTitle "Telechess CBM 149"]
[Source "ChessBase"]
[SourceDate "2012.07.17"]
[SourceVersion "1"]
[SourceVersionDate "2012.07.17"]
[SourceQuality "1"]
[WhiteTeam "Sweden"]
[BlackTeam "Israel"]
[WhiteTeamCountry "SWE"]
[BlackTeamCountry "ISR"]

1. d4 Nf6 2. Nf3 g6 3. c4 Bg7 4. Nc3 d6 5. e4 0-0 6. h3 e5 7. d5 a5 8. Be3 Nbd7 9. g4 b6 10. Bd3 Nc5 11. Bc2 Ba6 12. Qe2 Qd7 13. Nd2 c6 14. f3 cxd5 15. exd5 Rfb8 16. Nde4 Ncxe4 17. fxe4 b5 18. cxb5 Bxb5 19. Nxb5 Qxb5 20. Qxb5 Rxb5 21. Rb1 Rab8 22. b3 a4 23. Kd2 a3 24. Ke2 Nd7 25. Bd3 Rb4 26. Rhc1 Nf6 27. Kf3 Re8 28. Rc4 Reb8 29. Rxb4 Rxb4 30. Rc1 Rb8 31. Rc6 Bf8 32. Bc1 Ra8 33. Ra6 Rxa6 34. Bxa6 Nd7 35. Bxa3 Be7 36. Bb5 Nc5 37. b4 Nb7 38. Bc6 Nd8 39. b5 1-0

[Event "IECC CL5-2009.04 email"]
[Site "IECC email"]
[Date "2009.03.24"]
[Round "?"]
[White "D'Aragona, Vittoria"]
[Black "Andersson, Paul"]
[Result "0-1"]
[WhiteElo "1206"]
[BlackElo "1543"]
[PlyCount "42"]
[EventDate "2009.??.??"]
[EventType "tourn (corr)"]
[EventRounds "4"]
[SourceTitle "Corr 2011"]
[Source "ChessBase"]
[SourceDate "2010.08.31"]
[SourceVersion "1"]
[SourceVersionDate "2010.08.31"]
[SourceQuality "1"]
[WhiteTeam "Italy"]
[BlackTeam "Sweden"]
[WhiteTeamCountry "ITA"]
[BlackTeamCountry "SWE"]

1. e4 c5 2. c3 e6 3. d4 d5 4. exd5 exd5 5. Nf3 Nc6 6. Bb5 Bd6 7. dxc5 Bxc5 8. 0-0 Nge7 9. Be3 Bxe3 10. fxe3 0-0 11. Qd2 Qb6 12. Na3 Bf5 13. Qf2 Be4 14. Ng5 Bg6 15. Rad1 Ne5 16. Qf4 f6 17. Kh1 a6 18. Qd4 Qxd4 19. exd4 fxg5 20. dxe5 axb5 21. Kg1 Rxf1+ 0-1

[Event "IECC CL4-2008.07 email"]
[Site "IECC email"]
[Date "2008.07.07"]
[Round "?"]
[White "Maggiora, Aldo"]
[Black "Andersson, Paul"]
[Result "1-0"]
[WhiteElo "1687"]
[BlackElo "1592"]
[PlyCount "39"]
[EventDate "2008.??.??"]
[EventType "tourn (corr)"]
[EventRounds "4"]
[SourceTitle "Corr 2013"]
[Source "ChessBase"]
[SourceDate "2012.11.12"]
[SourceVersion "1"]
[SourceVersionDate "2012.11.12"]
[SourceQuality "1"]
[WhiteTeam "Romania"]
[BlackTeam "Italy"]
[WhiteTeamCountry "ROU"]
[BlackTeamCountry "ITA"]

1. e4 c5 2. c3 e5 3. Nf3 Nc6 4. Bc4 Qc7 5. 0-0 Be7 6. d4 d6 7. dxe5 dxe5 8. Qb3 Na5 9. Bb5+ Kf8 10. Qd5 Bd6 11. Rd1 Ke7 12. Ng5 Be6 13. Nxe6 fxe6 14. Qd2 Nf6 15. Qc2 a6 16. Be2 Rad8 17. Be3 Nc6 18. Nd2 Rhf8 19. Nc4 Na7 20. Rxd6 1-0

[Event "IECC CL4-2008.05 email"]
[Site "IECC email"]
[Date "2008.05.28"]
[Round "?"]
[White "Andersson, Paul"]
[Black "Cirovic, Zeljko"]
[Result "0-1"]
[WhiteElo "1537"]
[BlackElo "1730"]
[PlyCount "32"]
[EventDate "2008.??.??"]
[EventType "tourn (corr)"]
[EventRounds "4"]
[SourceTitle "Corr 2011"]
[Source "ChessBase"]
[SourceDate "2010.08.31"]
[SourceVersion "1"]
[SourceVersionDate "2010.08.31"]
[SourceQuality "1"]
[WhiteTeam "Sweden"]
[BlackTeam "SCG"]
[WhiteTeamCountry "SWE"]

1. d4 Nf6 2. Nf3 c5 3. c3 e6 4. e3 d5 5. Nbd2 h6 6. Bd3 c4 7. Bc2 Nc6 8. 0-0 Be7 9. Re1 0-0 10. e4 dxe4 11. Nxe4 Nxe4 12. Rxe4 f5 13. Re1 Kh8 14. Bf4 Bd6 15. Bxd6 Qxd6 16. Qe2 b5 0-1

[Event "IECC CL4-2008.05 email"]
[Site "IECC email"]
[Date "2008.05.28"]
[Round "?"]
[White "Andersson, Paul"]
[Black "Coffey, Patrick L"]
[Result "0-1"]
[WhiteElo "1569"]
[BlackElo "1636"]
[PlyCount "45"]
[EventDate "2008.??.??"]
[EventType "tourn (corr)"]
[EventRounds "4"]
[SourceTitle "Corr 2013"]
[Source "ChessBase"]
[SourceDate "2012.11.12"]
[SourceVersion "1"]
[SourceVersionDate "2012.11.12"]
[SourceQuality "1"]
[WhiteTeam "France"]
[BlackTeam "Germany"]
[WhiteTeamCountry "FRA"]
[BlackTeamCountry "GER"]

1. d4 Nf6 2. Nf3 g6 3. c4 Bg7 4. Nc3 d6 5. e4 0-0 6. Be2 e5 7. 0-0 exd4 8. Nxd4 Nbd7 9. Be3 Re8 10. f3 Nb6 11. Qd2 Bd7 12. b3 c6 13. Rac1 d5 14. c5 Nc8 15. exd5 Nxd5 16. Nxd5 cxd5 17. Bd3 Ne7 18. Bf2 a6 19. Rfd1 Nc6 20. Nxc6 bxc6 21. Re1 a5 22. Rxe8+ Qxe8 23. Re1 0-1

[Event "IECC CL4-2003.16 email"]
[Site "IECC email"]
[Date "2003.07.14"]
[Round "?"]
[White "Jordaan, Wayne"]
[Black "Andersson, Paul"]
[Result "1-0"]
[WhiteElo "1670"]
[BlackElo "1731"]
[PlyCount "55"]
[EventDate "2003.??.??"]
[EventType "tourn (corr)"]
[EventRounds "4"]
[SourceTitle "Corr 2008"]
[Source "ChessBase"]
[SourceDate "2008.06.24"]
[SourceVersion "1"]
[SourceVersionDate "2008.06.24"]
[SourceQuality "1"]

1. d4 e6 2. c4 Bb4+ 3. Bd2 Qe7 4. e4 Nf6 5. Bd3 d5 6. e5 Nfd7 7. cxd5 exd5 8. Nc3 c6 9. Nge2 f6 10. f4 Nb6 11. a3 Bxc3 12. Bxc3 Bg4 13. h3 Bxe2 14. Qxe2 fxe5 15. fxe5 Qh4+ 16. Kd2 0-0 17. Rhf1 N8d7 18. Qe3 Rxf1 19. Rxf1 Rf8 20. Bb4 Rxf1 21. Bxf1 Nc8 22. Bd3 Nf8 23. Kc1 b6 24. Bf5 Ne7 25. Bg4 Nfg6 26. Kb1 Qh6 27. Qf2 Qg5 28. Bd2 1-0

[Event "IECC P email"]
[Site "IECC email"]
[Date "2003.03.15"]
[Round "?"]
[White "Andersson, Paul"]
[Black "McDonald, Graham R"]
[Result "0-1"]
[WhiteElo "1761"]
[BlackElo "1788"]
[PlyCount "36"]
[EventDate "2003.??.??"]
[EventType "tourn (corr)"]
[EventRounds "6"]
[SourceTitle "Corr 2008"]
[Source "ChessBase"]
[SourceDate "2008.06.24"]
[SourceVersion "1"]
[SourceVersionDate "2008.06.24"]
[SourceQuality "1"]

1. e4 e5 2. Nf3 Nc6 3. Nc3 Nf6 4. Nxe5 Nxe5 5. d4 Ng6 6. e5 Ng8 7. Bc4 d5 8. Bxd5 c6 9. Bb3 Bb4 10. 0-0 Bxc3 11. bxc3 N8e7 12. f4 h5 13. c4 Nf5 14. c3 Qa5 15. Qd3 Be6 16. d5 0-0-0 17. Qe4 Qc5+ 18. Kh1 h4 0-1

[Event "IECC CL3-2001.20"]
[Site "IECC email"]
[Date "2001.06.01"]
[Round "?"]
[White "Andersson, Paul"]
[Black "Dambacher, Andreas"]
[Result "1/2-1/2"]
[WhiteElo "1822"]
[BlackElo "1869"]
[PlyCount "38"]
[EventDate "2001.??.??"]
[EventType "tourn (corr)"]
[EventRounds "4"]
[SourceTitle "Corr 2008"]
[Source "ChessBase"]
[SourceDate "2008.06.24"]
[SourceVersion "1"]
[SourceVersionDate "2008.06.24"]
[SourceQuality "1"]

1. c4 Nc6 2. d4 Nf6 3. Nf3 d6 4. Nc3 e5 5. d5 Ne7 6. Bg5 Ng6 7. e4 Be7 8. Be2 Nxd5 9. Nxd5 Bxg5 10. Nxg5 c6 11. Nxf7 Kxf7 12. Ne3 Nf4 13. 0-0 Rf8 14. g3 Qg5 15. Bg4 Bxg4 16. Qxg4 Qxg4 17. Nxg4 Ne2+ 18. Kg2 Nd4 19. Rac1 g5 1/2-1/2

[Event "IECC KO email"]
[Site "IECC email"]
[Date "2000.05.28"]
[Round "?"]
[White "Andersson, Paul"]
[Black "Ventimiglia, Charles"]
[Result "0-1"]
[WhiteElo "1902"]
[BlackElo "1895"]
[PlyCount "60"]
[EventDate "2000.??.??"]
[EventType "tourn (corr)"]
[EventRounds "6"]
[SourceTitle "Corr 2008"]
[Source "ChessBase"]
[SourceDate "2008.06.24"]
[SourceVersion "1"]
[SourceVersionDate "2008.06.24"]
[SourceQuality "1"]

1. d4 d5 2. c4 c6 3. Nc3 Nf6 4. Nf3 dxc4 5. a4 Qa5 6. Bd2 Qb6 7. e4 Bg4 8. a5 Qb3 9. Qxb3 cxb3 10. Bc4 Bxf3 11. gxf3 e6 12. Rg1 Na6 13. Bxb3 0-0-0 14. Be3 Nc7 15. Ke2 Rg8 16. Rgc1 Kb8 17. Bf4 Nh5 18. Bxc7+ Kxc7 19. a6 Nf4+ 20. Ke3 g5 21. axb7 Kxb7 22. Na4 e5 23. Rc4 Rg6 24. Bc2 Ng2+ 25. Ke2 Rxd4 26. Nc5+ Bxc5 27. Rxc5 Nf4+ 28. Ke1 Rh6 29. Rd1 Rxd1+ 30. Kxd1 f6 0-1

[Event "IECC P email"]
[Site "IECC email"]
[Date "2000.04.24"]
[Round "?"]
[White "Andersson, Paul"]
[Black "De Baere, David"]
[Result "0-1"]
[WhiteElo "1931"]
[BlackElo "1588"]
[PlyCount "32"]
[EventDate "2000.??.??"]
[EventType "tourn (corr)"]
[EventRounds "6"]
[SourceTitle "Corr 2008"]
[Source "ChessBase"]
[SourceDate "2008.06.24"]
[SourceVersion "1"]
[SourceVersionDate "2008.06.24"]
[SourceQuality "1"]

1. d4 f5 2. c4 e6 3. g3 Nf6 4. Bg2 Be7 5. Nc3 0-0 6. Nh3 d6 7. 0-0 Qe8 8. e4 fxe4 9. Nxe4 Nxe4 10. Bxe4 e5 11. Ng5 Bxg5 12. Bxg5 Nc6 13. d5 Nd4 14. Qd3 Qh5 15. f4 Bg4 16. Rae1 Be2 0-1